000 00274nam a2200109Ia 4500
005 20251222144624.0
008 251222s9999||||xx |||||||||||||| ||spa||
082 _a287.3/L15
100 _aLafuente Larrauri, Carlos
245 0 _aLa Parroquia de Huanca Y Lluta:
942 _cLIB
999 _c16041
_d16041